[Event "Grand Swiss "]
[Date "2025.09.11"]
[White "Vachier-Lagrave, Maxime"]
[Black "Bacrot, Etienne"]
[WhiteElo "2738"]
[BlackElo "2637"]
[Round "7.7.22"]
[Result "1-0"]

1. e4 {[%clk 01:40:56] [%emt 00:00:03]} e6 {[%clk 01:40:14] [%emt 00:00:47]} 2.
d4 {[%clk 01:41:22] [%emt 00:00:04]} d5 {[%clk 01:39:07] [%emt 00:01:36]} 3. Nc3
{[%clk 01:41:48] [%emt 00:00:04]} Nf6 {[%clk 01:39:33] [%emt 00:00:04]} 4. e5
{[%clk 01:42:14] [%emt 00:00:04]} Nfd7 {[%clk 01:39:59] [%emt 00:00:04]} 5. f4
{[%clk 01:42:41] [%emt 00:00:03]} c5 {[%clk 01:40:25] [%emt 00:00:05]} 6. Nf3
{[%clk 01:43:09] [%emt 00:00:02]} Nc6 {[%clk 01:40:49] [%emt 00:00:05]} 7. Be3
{[%clk 01:43:36] [%emt 00:00:03]} a6 {[%clk 01:41:15] [%emt 00:00:04]} 8. Ne2
{[%clk 01:43:59] [%emt 00:00:07]} Qb6 {[%clk 01:40:09] [%emt 00:01:36]} 9. Qc1
{[%clk 01:44:25] [%emt 00:00:05]} Be7 {[%clk 01:39:19] [%emt 00:01:20]} 10. c3
{[%clk 01:44:49] [%emt 00:00:07]} f6 {[%clk 01:39:08] [%emt 00:00:41]} 11. h4
{[%clk 01:45:10] [%emt 00:00:09]} O-O {[%clk 01:38:42] [%emt 00:00:56]} 12. h5
{[%clk 01:44:55] [%emt 00:00:44]} h6 {[%clk 01:38:25] [%emt 00:00:47]} 13. Rh3
{[%clk 01:45:20] [%emt 00:00:06]} a5 {[%clk 01:33:16] [%emt 00:05:39]} 14. Rg3
{[%clk 01:33:10] [%emt 00:12:39]} Rf7 {[%clk 01:25:26] [%emt 00:08:19]} 15. Qc2
{[%clk 01:26:42] [%emt 00:06:59]} a4 {[%clk 01:24:41] [%emt 00:01:15]} 16. O-O-O
{[%clk 01:21:26] [%emt 00:05:46]} a3 {[%clk 01:24:26] [%emt 00:00:45]} 17. b3
{[%clk 01:21:38] [%emt 00:00:18]} c4 {[%clk 01:24:35] [%emt 00:00:21]} 18. b4
{[%clk 01:16:41] [%emt 00:05:28]} f5 {[%clk 01:14:54] [%emt 00:10:10]} 19. Kb1
{[%clk 00:56:26] [%emt 00:20:46]} Qb5 {[%clk 00:46:41] [%emt 00:28:43]} 20. Ka1
{[%clk 00:54:16] [%emt 00:02:40]} Qa4 {[%clk 00:42:19] [%emt 00:04:52]} 21. Ne1
{[%clk 00:48:33] [%emt 00:06:13]} Nb6 {[%clk 00:32:42] [%emt 00:10:07]} 22. Bc1
{[%clk 00:42:00] [%emt 00:07:02]} Bh4 {[%clk 00:31:35] [%emt 00:01:37]} 23. Qxa4
{[%clk 00:41:02] [%emt 00:01:28]} Rxa4 {[%clk 00:26:20] [%emt 00:05:45]} 24. Rh3
{[%clk 00:39:35] [%emt 00:01:57]} Bxe1 {[%clk 00:23:11] [%emt 00:03:40]} 25.
Rxe1 {[%clk 00:39:40] [%emt 00:00:25]} Bd7 {[%clk 00:23:17] [%emt 00:00:24]} 26.
Ng1 {[%clk 00:37:53] [%emt 00:02:17]} Ne7 {[%clk 00:19:17] [%emt 00:04:30]} 27.
Nf3 {[%clk 00:37:27] [%emt 00:00:56]} Na8 {[%clk 00:19:27] [%emt 00:00:20]} 28.
Be2 {[%clk 00:37:19] [%emt 00:00:38]} Ra6 {[%clk 00:18:39] [%emt 00:01:17]} 29.
Rg1 {[%clk 00:34:43] [%emt 00:03:06]} Nc7 {[%clk 00:18:30] [%emt 00:00:39]} 30.
Bd2 {[%clk 00:33:17] [%emt 00:01:56]} Ba4 {[%clk 00:17:23] [%emt 00:01:38]} 31.
Kb1 {[%clk 00:30:57] [%emt 00:02:50]} Bd7 {[%clk 00:11:27] [%emt 00:06:26]} 32.
Be1 {[%clk 00:27:58] [%emt 00:03:28]} Ra8 {[%clk 00:08:58] [%emt 00:03:00]} 33.
Bh4 {[%clk 00:27:19] [%emt 00:01:09]} Ba4 {[%clk 00:08:48] [%emt 00:00:40]} 34.
Bxe7 {[%clk 00:26:27] [%emt 00:01:22]} Rxe7 {[%clk 00:09:16] [%emt 00:00:02]}
35. Nh4 {[%clk 00:26:37] [%emt 00:00:20]} Rf7 {[%clk 00:08:33] [%emt 00:01:13]}
36. Rf1 {[%clk 00:25:08] [%emt 00:01:59]} Kf8 {[%clk 00:06:16] [%emt 00:02:47]}
37. g4 {[%clk 00:24:16] [%emt 00:01:21]} Ke7 {[%clk 00:06:45] [%emt 00:00:01]}
38. gxf5 {[%clk 00:21:37] [%emt 00:03:10]} exf5 {[%clk 00:06:55] [%emt
00:00:20]} 39. Ng2 {[%clk 00:21:53] [%emt 00:00:14]} Bd7 {[%clk 00:04:52] [%emt
00:02:33]} 40. Ne3 {[%clk 00:22:03] [%emt 00:00:19]} Be6 {[%clk 00:01:49] [%emt
00:03:34]} 41. Rg3 {[%clk 00:19:18] [%emt 00:03:14]} Kf8 {[%clk 00:02:07] [%emt
00:00:12]} 42. Rg6 {[%clk 00:18:48] [%emt 00:00:59]} Rd8 {[%clk 00:48:06] [%emt
00:04:31]} 43. Rfg1 {[%clk 01:04:48] [%emt 00:04:31]} Re7 {[%clk 00:48:05] [%emt
00:00:31]} 44. Kc1 {[%clk 01:04:18] [%emt 00:01:00]} b5 {[%clk 00:48:06] [%emt
00:00:29]} 45. Bf1 {[%clk 01:03:30] [%emt 00:01:18]} Rf7 {[%clk 00:47:38] [%emt
00:00:58]} 46. Bh3 {[%clk 01:03:49] [%emt 00:00:11]} Re8 {[%clk 00:47:31] [%emt
00:00:37]} 47. Kd2 {[%clk 01:03:25] [%emt 00:00:54]} Rd8 {[%clk 00:47:18] [%emt
00:00:43]} 48. Ke2 {[%clk 01:03:05] [%emt 00:00:50]} Re8 {[%clk 00:47:13] [%emt
00:00:35]} 49. Kf3 {[%clk 01:03:14] [%emt 00:00:21]} Rd8 {[%clk 00:46:37] [%emt
00:01:06]} 50. Rxe6 {[%clk 01:02:11] [%emt 00:01:33]} Nxe6 {[%clk 00:44:03]
[%emt 00:03:04]} 51. Rg6 {[%clk 01:02:33] [%emt 00:00:08]} Nc7 {[%clk 00:42:32]
[%emt 00:02:01]} 52. Nxf5 {[%clk 01:02:36] [%emt 00:00:27]} Rb8 {[%clk 00:42:29]
[%emt 00:00:32]} 53. Rc6 {[%clk 01:01:49] [%emt 00:01:17]} Na8 {[%clk 00:41:53]
[%emt 00:01:06]} 54. Rc5 {[%clk 00:59:57] [%emt 00:02:22]} Ra7 {[%clk 00:39:47]
[%emt 00:02:36]} 55. Ne3 {[%clk 00:58:56] [%emt 00:01:32]} Nb6 {[%clk 00:39:22]
[%emt 00:00:55]} 56. Rxb5 {[%clk 00:59:20] [%emt 00:00:06]} Rbb7 {[%clk
00:39:38] [%emt 00:00:14]} 57. Nxd5 {[%clk 00:59:22] [%emt 00:00:29]} Na4 {[%clk
00:40:02] [%emt 00:00:05]} 58. Rxb7 {[%clk 00:59:43] [%emt 00:00:08]} Rxb7
{[%clk 00:40:31] [%emt 00:00:02]} 59. Bc8 {[%clk 00:59:11] [%emt 00:01:02]} Ra7
{[%clk 00:40:09] [%emt 00:00:51]} 1-0

[Site "Europe Echecs"]

[Event "Grand Swiss "]
[Date "2025.09.11"]
[White "Sindarov, Javokhir"]
[Black "Hovhannisyan, Robert"]
[WhiteElo "2722"]
[BlackElo "2629"]
[Round "7.7.23"]
[Result "1-0"]

1. e4 {[%clk 01:40:05] [%emt 00:00:53]} e5 {[%clk 01:40:53] [%emt 00:00:08]} 2.
Bc4 {[%clk 01:40:30] [%emt 00:00:06]} Nf6 {[%clk 01:41:10] [%emt 00:00:12]} 3.
d3 {[%clk 01:40:55] [%emt 00:00:05]} Bc5 {[%clk 01:41:11] [%emt 00:00:29]} 4.
Nf3 {[%clk 01:41:14] [%emt 00:00:12]} d6 {[%clk 01:41:14] [%emt 00:00:26]} 5. c3
{[%clk 01:41:37] [%emt 00:00:07]} Bb6 {[%clk 01:37:17] [%emt 00:04:27]} 6. O-O
{[%clk 01:40:53] [%emt 00:01:14]} h6 {[%clk 01:36:03] [%emt 00:01:44]} 7. Re1
{[%clk 01:38:48] [%emt 00:02:35]} O-O {[%clk 01:35:53] [%emt 00:00:40]} 8. Nbd2
{[%clk 01:34:53] [%emt 00:04:25]} c5 {[%clk 01:35:02] [%emt 00:01:20]} 9. a3
{[%clk 01:31:21] [%emt 00:04:03]} Nc6 {[%clk 01:29:00] [%emt 00:06:31]} 10. b4
{[%clk 01:29:55] [%emt 00:01:56]} Be6 {[%clk 01:22:11] [%emt 00:07:19]} 11. Bb2
{[%clk 01:24:45] [%emt 00:05:40]} a6 {[%clk 01:04:51] [%emt 00:17:50]} 12. h3
{[%clk 01:06:14] [%emt 00:19:01]} Ba7 {[%clk 01:01:40] [%emt 00:03:41]} 13. bxc5
{[%clk 01:00:38] [%emt 00:06:07]} Bxc4 {[%clk 00:58:42] [%emt 00:03:28]} 14.
Nxc4 {[%clk 01:00:41] [%emt 00:00:26]} Bxc5 {[%clk 00:58:07] [%emt 00:01:05]}
15. d4 {[%clk 00:59:35] [%emt 00:01:36]} Ba7 {[%clk 00:57:43] [%emt 00:00:54]}
16. a4 {[%clk 00:59:33] [%emt 00:00:33]} b5 {[%clk 00:50:09] [%emt 00:08:04]}
17. Ne3 {[%clk 00:37:52] [%emt 00:22:11]} Nxe4 {[%clk 00:46:16] [%emt 00:04:23]}
18. axb5 {[%clk 00:37:34] [%emt 00:00:48]} axb5 {[%clk 00:46:40] [%emt
00:00:06]} 19. Qd3 {[%clk 00:38:00] [%emt 00:00:04]} Ng5 {[%clk 00:38:20] [%emt
00:08:50]} 20. Nxg5 {[%clk 00:38:03] [%emt 00:00:28]} Qxg5 {[%clk 00:37:28]
[%emt 00:01:22]} 21. Nf5 {[%clk 00:38:15] [%emt 00:00:18]} b4 {[%clk 00:32:40]
[%emt 00:05:18]} 22. Bc1 {[%clk 00:32:03] [%emt 00:06:42]} Qf6 {[%clk 00:29:05]
[%emt 00:04:04]} 23. Ra6 {[%clk 00:30:30] [%emt 00:02:03]} Rac8 {[%clk 00:28:01]
[%emt 00:01:32]} 24. Qf3 {[%clk 00:26:05] [%emt 00:04:56]} bxc3 {[%clk 00:24:34]
[%emt 00:03:58]} 25. Nxh6+ {[%clk 00:25:07] [%emt 00:01:28]} Kh7 {[%clk
00:19:55] [%emt 00:05:09]} 26. Qxf6 {[%clk 00:17:13] [%emt 00:08:25]} gxf6
{[%clk 00:20:20] [%emt 00:00:04]} 27. d5 {[%clk 00:17:27] [%emt 00:00:16]} Bxf2+
{[%clk 00:13:17] [%emt 00:07:33]} 28. Kxf2 {[%clk 00:16:37] [%emt 00:01:20]} Nb4
{[%clk 00:13:44] [%emt 00:00:03]} 29. Rxd6 {[%clk 00:06:33] [%emt 00:10:34]}
Nd3+ {[%clk 00:14:11] [%emt 00:00:03]} 30. Ke2 {[%clk 00:06:58] [%emt 00:00:05]}
Nxc1+ {[%clk 00:13:48] [%emt 00:00:54]} 31. Rxc1 {[%clk 00:07:22] [%emt
00:00:05]} Kxh6 {[%clk 00:14:13] [%emt 00:00:05]} 32. Rxf6+ {[%clk 00:07:48]
[%emt 00:00:04]} Kg7 {[%clk 00:10:17] [%emt 00:04:25]} 33. Rc6 {[%clk 00:08:05]
[%emt 00:00:13]} Rcd8 {[%clk 00:10:07] [%emt 00:00:40]} 34. Rc5 {[%clk 00:06:26]
[%emt 00:02:10]} Rd6 {[%clk 00:09:42] [%emt 00:00:54]} 35. Kd3 {[%clk 00:05:11]
[%emt 00:01:44]} Rg6 {[%clk 00:06:26] [%emt 00:03:46]} 36. Rc2 {[%clk 00:04:56]
[%emt 00:00:45]} Ra8 {[%clk 00:06:17] [%emt 00:00:39]} 37. Ke4 {[%clk 00:03:04]
[%emt 00:02:22]} Rg5 {[%clk 00:04:48] [%emt 00:01:59]} 38. R5xc3 {[%clk
00:02:26] [%emt 00:01:08]} Ra1 {[%clk 00:03:17] [%emt 00:02:02]} 39. Rc1 {[%clk
00:00:45] [%emt 00:02:12]} Ra2 {[%clk 00:01:36] [%emt 00:02:10]} 40. R3c2 {[%clk
00:00:42] [%emt 00:00:32]} Ra4+ {[%clk 00:00:38] [%emt 00:01:28]} 41. Rc4 {[%clk
00:00:59] [%emt 00:00:13]} Ra2 {[%clk 00:43:53] [%emt 00:07:14]} 42. Rd1 {[%clk
00:41:07] [%emt 00:10:23]} Re2+ {[%clk 00:33:46] [%emt 00:10:37]} 43. Kf3 {[%clk
00:41:29] [%emt 00:00:08]} Rgxg2 {[%clk 00:26:59] [%emt 00:07:17]} 44. Rg4+
{[%clk 00:40:45] [%emt 00:01:14]} Rxg4 {[%clk 00:27:24] [%emt 00:00:05]} 45.
hxg4 {[%clk 00:41:12] [%emt 00:00:04]} Ra2 {[%clk 00:27:30] [%emt 00:00:23]} 46.
d6 {[%clk 00:41:19] [%emt 00:00:24]} Ra8 {[%clk 00:27:33] [%emt 00:00:27]} 47.
Ke4 {[%clk 00:41:39] [%emt 00:00:09]} Kf6 {[%clk 00:26:11] [%emt 00:01:51]} 48.
Kd5 {[%clk 00:42:02] [%emt 00:00:08]} Ra5+ {[%clk 00:16:01] [%emt 00:10:41]} 49.
Kc6 {[%clk 00:41:22] [%emt 00:01:10]} Ra8 {[%clk 00:16:21] [%emt 00:00:10]} 50.
d7 {[%clk 00:38:36] [%emt 00:03:17]} Ke7 {[%clk 00:05:49] [%emt 00:11:02]} 51.
Kb7 {[%clk 00:38:47] [%emt 00:00:18]} Rd8 {[%clk 00:05:16] [%emt 00:01:03]} 52.
Kc7 {[%clk 00:39:12] [%emt 00:00:05]} f6 {[%clk 00:05:38] [%emt 00:00:08]} 53.
Rd6 {[%clk 00:39:11] [%emt 00:00:30]} e4 {[%clk 00:06:04] [%emt 00:00:05]} 54.
Re6 {[%clk 00:38:38] [%emt 00:01:04]} Kxe6 {[%clk 00:06:29] [%emt 00:00:05]} 55.
Kxd8 {[%clk 00:39:03] [%emt 00:00:05]} e3 {[%clk 00:06:55] [%emt 00:00:04]} 56.
Ke8 {[%clk 00:39:14] [%emt 00:00:19]} 1-0

[Site "Europe Echecs"]

[Event "Grand Swiss "]
[Date "2025.09.11"]
[White "Sjugirov, Sanan"]
[Black "Harikrishna, Pentala"]
[WhiteElo "2627"]
[BlackElo "2704"]
[Round "7.7.24"]
[Result "1/2-1/2"]

1. e4 {[%clk 01:40:56] [%emt 00:00:04]} c5 {[%clk 01:40:55] [%emt 00:00:06]} 2.
Nf3 {[%clk 01:41:03] [%emt 00:00:23]} Nc6 {[%clk 01:41:18] [%emt 00:00:07]} 3.
Bb5 {[%clk 01:40:32] [%emt 00:01:01]} e6 {[%clk 01:41:39] [%emt 00:00:09]} 4.
O-O {[%clk 01:40:16] [%emt 00:00:45]} Nge7 {[%clk 01:42:00] [%emt 00:00:10]} 5.
Nc3 {[%clk 01:40:07] [%emt 00:00:39]} Ng6 {[%clk 01:38:21] [%emt 00:04:08]} 6.
d4 {[%clk 00:43:39] [%emt 00:56:59]} cxd4 {[%clk 01:36:19] [%emt 00:02:32]} 7.
Nxd4 {[%clk 00:44:05] [%emt 00:00:04]} Be7 {[%clk 01:32:10] [%emt 00:04:38]} 8.
Be3 {[%clk 00:43:32] [%emt 00:01:04]} O-O {[%clk 01:27:38] [%emt 00:05:02]} 9.
a4 {[%clk 00:43:22] [%emt 00:00:40]} Qc7 {[%clk 01:23:50] [%emt 00:04:18]} 10.
Be2 {[%clk 00:40:30] [%emt 00:03:22]} a6 {[%clk 01:20:15] [%emt 00:04:05]} 11.
Qd2 {[%clk 00:28:23] [%emt 00:12:37]} d6 {[%clk 01:14:49] [%emt 00:05:55]} 12.
Rfd1 {[%clk 00:26:23] [%emt 00:02:30]} Bd7 {[%clk 01:12:11] [%emt 00:03:08]} 13.
Nb3 {[%clk 00:23:43] [%emt 00:03:10]} b6 {[%clk 01:02:57] [%emt 00:09:44]} 14.
f3 {[%clk 00:23:40] [%emt 00:00:33]} Na5 {[%clk 00:59:12] [%emt 00:04:15]} 15.
Qe1 {[%clk 00:15:07] [%emt 00:09:03]} Ne5 {[%clk 00:52:52] [%emt 00:06:50]} 16.
Nd2 {[%clk 00:15:34] [%emt 00:00:04]} Nec6 {[%clk 00:47:34] [%emt 00:05:48]} 17.
Qf2 {[%clk 00:14:56] [%emt 00:01:08]} Rfb8 {[%clk 00:46:31] [%emt 00:01:33]} 18.
Nc4 {[%clk 00:13:08] [%emt 00:02:18]} Nxc4 {[%clk 00:43:15] [%emt 00:03:45]} 19.
Bxc4 {[%clk 00:13:35] [%emt 00:00:03]} Na5 {[%clk 00:41:57] [%emt 00:01:48]} 20.
Bf1 {[%clk 00:11:51] [%emt 00:02:13]} b5 {[%clk 00:39:17] [%emt 00:03:10]} 21.
axb5 {[%clk 00:12:18] [%emt 00:00:04]} axb5 {[%clk 00:39:38] [%emt 00:00:08]}
22. Bd4 {[%clk 00:12:46] [%emt 00:00:03]} Nc4 {[%clk 00:34:00] [%emt 00:06:08]}
23. Rxa8 {[%clk 00:12:18] [%emt 00:00:58]} Rxa8 {[%clk 00:34:23] [%emt
00:00:06]} 24. b3 {[%clk 00:12:35] [%emt 00:00:14]} Na3 {[%clk 00:34:37] [%emt
00:00:15]} 25. Ra1 {[%clk 00:12:19] [%emt 00:00:47]} Qb7 {[%clk 00:28:16] [%emt
00:06:51]} 26. Nb1 {[%clk 00:09:39] [%emt 00:03:09]} b4 {[%clk 00:25:47] [%emt
00:03:00]} 27. c4 {[%clk 00:09:09] [%emt 00:01:01]} d5 {[%clk 00:20:24] [%emt
00:05:52]} 28. cxd5 {[%clk 00:05:39] [%emt 00:04:00]} exd5 {[%clk 00:20:30]
[%emt 00:00:23]} 29. Nd2 {[%clk 00:06:07] [%emt 00:00:02]} Be6 {[%clk 00:17:14]
[%emt 00:03:46]} 30. Bd3 {[%clk 00:03:27] [%emt 00:03:11]} Rc8 {[%clk 00:16:09]
[%emt 00:01:35]} 31. f4 {[%clk 00:03:18] [%emt 00:00:39]} dxe4 {[%clk 00:14:40]
[%emt 00:01:58]} 32. Bxe4 {[%clk 00:03:39] [%emt 00:00:09]} Bd5 {[%clk 00:14:45]
[%emt 00:00:25]} 33. Bf5 {[%clk 00:03:52] [%emt 00:00:17]} Rd8 {[%clk 00:14:54]
[%emt 00:00:21]} 34. Bb6 {[%clk 00:00:58] [%emt 00:03:24]} Rb8 {[%clk 00:11:40]
[%emt 00:03:44]} 35. Ba7 {[%clk 00:01:18] [%emt 00:00:11]} Ra8 {[%clk 00:09:52]
[%emt 00:02:18]} 36. Be3 {[%clk 00:01:15] [%emt 00:00:33]} Nb5 {[%clk 00:07:32]
[%emt 00:02:49]} 37. Rxa8+ {[%clk 00:01:22] [%emt 00:00:23]} Qxa8 {[%clk
00:07:57] [%emt 00:00:06]} 38. h3 {[%clk 00:01:30] [%emt 00:00:22]} Nc3 {[%clk
00:06:59] [%emt 00:01:28]} 39. Bd4 {[%clk 00:00:55] [%emt 00:01:05]} Qa6 {[%clk
00:03:25] [%emt 00:04:05]} 40. Kh2 {[%clk 00:00:40] [%emt 00:00:44]} g6 {[%clk
00:01:30] [%emt 00:02:23]} 41. Bg4 {[%clk 00:32:15] [%emt 00:18:56]} Qd3 {[%clk
00:46:30] [%emt 00:05:30]} 42. Be5 {[%clk 00:26:12] [%emt 00:06:34]} f6 {[%clk
00:36:54] [%emt 00:10:05]} 43. Qd4 {[%clk 00:14:50] [%emt 00:11:53]} Qa6 {[%clk
00:30:46] [%emt 00:06:38]} 44. Bc7 {[%clk 00:12:40] [%emt 00:02:40]} Qb7 {[%clk
00:30:22] [%emt 00:00:54]} 45. Qb6 {[%clk 00:12:28] [%emt 00:00:42]} Qxb6 {[%clk
00:30:41] [%emt 00:00:11]} 46. Bxb6 {[%clk 00:12:54] [%emt 00:00:04]} f5 {[%clk
00:30:55] [%emt 00:00:16]} 47. Bf3 {[%clk 00:13:01] [%emt 00:00:23]} Bxf3 {[%clk
00:31:13] [%emt 00:00:12]} 48. Nxf3 {[%clk 00:13:22] [%emt 00:00:09]} Nd5 {[%clk
00:31:39] [%emt 00:00:04]} 49. Ba7 {[%clk 00:05:52] [%emt 00:08:00]} Nxf4 {[%clk
00:31:54] [%emt 00:00:14]} 50. Kg3 {[%clk 00:06:20] [%emt 00:00:03]} Ne2+ {[%clk
00:25:20] [%emt 00:07:03]} 51. Kf2 {[%clk 00:06:42] [%emt 00:00:07]} Nc1 {[%clk
00:25:47] [%emt 00:00:03]} 52. Nd4 {[%clk 00:04:56] [%emt 00:02:17]} Bf6 {[%clk
00:23:59] [%emt 00:02:17]} 53. Ke3 {[%clk 00:05:02] [%emt 00:00:24]} f4+ {[%clk
00:08:46] [%emt 00:15:44]} 54. Ke4 {[%clk 00:04:41] [%emt 00:00:51]} Bxd4 {[%clk
00:09:05] [%emt 00:00:11]} 55. Kxd4 {[%clk 00:03:57] [%emt 00:01:15]} Nxb3+
{[%clk 00:09:04] [%emt 00:00:31]} 56. Kc4 {[%clk 00:04:24] [%emt 00:00:03]} Na5+
{[%clk 00:06:14] [%emt 00:03:20]} 57. Kb5 {[%clk 00:04:49] [%emt 00:00:05]} b3
{[%clk 00:06:33] [%emt 00:00:11]} 58. Bd4 {[%clk 00:05:14] [%emt 00:00:05]} Nb7
{[%clk 00:06:57] [%emt 00:00:05]} 59. Kc4 {[%clk 00:05:24] [%emt 00:00:20]} Kf7
{[%clk 00:04:54] [%emt 00:02:33]} 60. Kxb3 {[%clk 00:05:49] [%emt 00:00:05]} Ke6
{[%clk 00:04:56] [%emt 00:00:28]} 61. Kc4 {[%clk 00:06:02] [%emt 00:00:17]} Kf5
{[%clk 00:03:15] [%emt 00:02:11]} 62. Kd3 {[%clk 00:06:28] [%emt 00:00:05]} Nd8
{[%clk 00:03:18] [%emt 00:00:27]} 63. Ke2 {[%clk 00:02:55] [%emt 00:04:03]} Ke4
{[%clk 00:02:14] [%emt 00:01:34]} 64. Bb6 {[%clk 00:03:20] [%emt 00:00:05]} Nf7
{[%clk 00:10:33] [%emt 00:07:10]} 65. Kf2 {[%clk 00:18:28] [%emt 00:00:22]} g5
{[%clk 00:09:39] [%emt 00:01:24]} 66. Bc5 {[%clk 00:18:14] [%emt 00:00:44]} h5
{[%clk 00:09:55] [%emt 00:00:14]} 67. Be7 {[%clk 00:18:18] [%emt 00:00:27]} g4
{[%clk 00:09:53] [%emt 00:00:31]} 68. hxg4 {[%clk 00:18:44] [%emt 00:00:04]}
hxg4 {[%clk 00:10:19] [%emt 00:00:04]} 69. Bc5 {[%clk 00:18:58] [%emt 00:00:15]}
Nh6 {[%clk 00:10:25] [%emt 00:00:24]} 70. Bd6 {[%clk 00:18:41] [%emt 00:00:48]}
Nf5 {[%clk 00:10:31] [%emt 00:00:24]} 71. Bb8 {[%clk 00:19:05] [%emt 00:00:06]}
Ne3 {[%clk 00:08:37] [%emt 00:02:23]} 72. Bc7 {[%clk 00:17:54] [%emt 00:01:41]}
Nd1+ {[%clk 00:08:37] [%emt 00:00:30]} 73. Kf1 {[%clk 00:17:49] [%emt 00:00:36]}
Nb2 {[%clk 00:08:33] [%emt 00:00:33]} 74. Kf2 {[%clk 00:17:38] [%emt 00:00:42]}
Nd3+ {[%clk 00:08:19] [%emt 00:00:44]} 75. Ke2 {[%clk 00:17:47] [%emt 00:00:21]}
Nb4 {[%clk 00:08:20] [%emt 00:00:29]} 76. Kf2 {[%clk 00:17:57] [%emt 00:00:20]}
Nd5 {[%clk 00:08:36] [%emt 00:00:14]} 77. Bb8 {[%clk 00:18:14] [%emt 00:00:13]}
g3+ {[%clk 00:08:55] [%emt 00:00:11]} 78. Kf1 {[%clk 00:18:13] [%emt 00:00:31]}
Kd3 {[%clk 00:09:15] [%emt 00:00:10]} 79. Bd6 {[%clk 00:17:19] [%emt 00:01:24]}
Ke3 {[%clk 00:09:13] [%emt 00:00:32]} 80. Bc5+ {[%clk 00:17:10] [%emt 00:00:40]}
Kd2 {[%clk 00:09:21] [%emt 00:00:22]} 81. Bd6 {[%clk 00:17:31] [%emt 00:00:09]}
Kd3 {[%clk 00:09:30] [%emt 00:00:20]} 82. Bb8 {[%clk 00:17:42] [%emt 00:00:19]}
Ne3+ {[%clk 00:09:49] [%emt 00:00:11]} 83. Kg1 {[%clk 00:18:08] [%emt 00:00:04]}
Ke4 {[%clk 00:10:14] [%emt 00:00:05]} 84. Bc7 {[%clk 00:18:15] [%emt 00:00:23]}
Nd5 {[%clk 00:10:09] [%emt 00:00:35]} 85. Bb8 {[%clk 00:18:39] [%emt 00:00:06]}
Ke3 {[%clk 00:09:45] [%emt 00:00:53]} 86. Kf1 {[%clk 00:18:55] [%emt 00:00:14]}
Kd3 {[%clk 00:09:59] [%emt 00:00:16]} 87. Bd6 {[%clk 00:18:43] [%emt 00:00:43]}
Kd4 {[%clk 00:09:25] [%emt 00:01:04]} 88. Bb8 {[%clk 00:18:58] [%emt 00:00:15]}
Ke4 {[%clk 00:09:50] [%emt 00:00:04]} 89. Bd6 {[%clk 00:18:47] [%emt 00:00:41]}
Ne3+ {[%clk 00:10:10] [%emt 00:00:10]} 90. Kg1 {[%clk 00:19:13] [%emt 00:00:04]}
Nc4 {[%clk 00:10:35] [%emt 00:00:05]} 91. Bb8 {[%clk 00:16:37] [%emt 00:03:06]}
Nd2 {[%clk 00:10:58] [%emt 00:00:07]} 92. Bc7 {[%clk 00:16:19] [%emt 00:00:48]}
Nc4 {[%clk 00:09:37] [%emt 00:01:50]} 1/2-1/2

[Site "Europe Echecs"]